30 Most Charitable Countries by Government Donation - Statistics

General Stats
  • This quiz has been taken 1,132 times
    67 since last reset
  • The average score is 26 of 30
Answer Stats
Amount given % of GNI Answer % Correct
$7.42 billion 0.34% Canada
98%
$63.30 billion 0.22% United States
98%
$15.43 billion 0.48% France
97%
$5.01 billion 0.79% Sweden
97%
$4.60 billion 0.51% Switzerland
97%
$17.97 billion 0.50% United Kingdom
97%
$7.52 billion 0.62% Netherlands
95%
$5.18 billion 1.02% Norway
95%
$2.06 billion 0.24% Poland
95%
$0.67 billion 0.24% Portugal
95%
$4.35 billion 0.25% Spain
95%
$3.17 billion 0.71% Denmark
93%
$6.67 billion 0.28% Italy
93%
$1.82 billion 0.34% Austria
92%
$32.42 billion 0.67% Germany
92%
$3.22 billion 0.48% Belgium
90%
$16.77 billion 0.39% Japan
90%
$3.32 billion 0.19% Australia
88%
$0.36 billion 0.14% Greece
88%
$1.41 billion 0.47% Finland
86%
$0.78 billion 0.32% New Zealand
86%
$0.57 billion 0.17% Czechia
85%
$0.11 billion 0.33% Iceland
83%
$3.94 billion 0.21% South Korea
81%
$2.47 billion 0.57% Ireland
80%
$0.08 billion 0.20% Estonia
71%
$0.60 billion 1.00% Luxembourg
71%
$0.19 billion 0.14% Slovakia
69%
$0.11 billion 0.13% Latvia
68%
$0.19 billion 0.30% Lithuania
68%
No matching quizzes found
Score Distribution
Percent of People with Each Score
Percentile by Number Answered
Your Score History
You have not taken this quiz since the last reset